[Event "Bundesliga 0102"]
[Site "Deutschland"]
[Date "2002.04.14"]
[Round "13.4"]
[White "Pelletier, Yannick"]
[Black "Langheinrich, Ferenc"]
[Result "1-0"]
[WhiteElo "2531"]
[BlackElo "2398"]
[PlyCount "103"]
[EventDate "2001.10.06"]
[EventType "team"]
[EventRounds "15"]
[EventCountry "GER"]
[SourceTitle "Bundesliga 0102"]
[Source "DeepChess"]
[SourceDate "2005.01.01"]
[SourceVersion "1"]
[SourceVersionDate "2005.01.01"]
[SourceQuality "1"]
[WhiteTeam "SAbt SV Werder Bremen"]
[BlackTeam "Godesberger SK 1929"]
[WhiteTeamCountry "GER"]
[BlackTeamCountry "GER"]

1. d4 Nf6 2. c4 g6 3. Nc3 Bg7 4. e4 d6 5. Nf3 O-O 6. Be2 e5 7. O-O Nc6 8. d5
Ne7 9. b4 Nh5 10. Re1 Nf4 11. Bf1 a5 12. bxa5 Bg4 13. h3 Bc8 14. a4 c5 15. Nb5
h6 16. Bxf4 exf4 17. e5 Nf5 18. Ra2 dxe5 19. Nxe5 Ne3 20. fxe3 Bxe5 21. exf4
Bxf4 22. Qf3 Qg5 23. Bd3 Rxa5 24. Re4 Bb8 25. h4 Qd8 26. g3 h5 27. Re1 Bg4 28.
Qf2 Bd7 29. Nc3 b6 30. Ne4 f6 31. Nd2 Kg7 32. Bc2 Be5 33. Nf3 Bd6 34. Kg2 Ra8
35. Rb2 Qc7 36. Reb1 Ra6 37. a5 Rxa5 38. Rxb6 Ra7 39. Ng1 Re8 40. Ne2 Bg4 41.
Nc3 Be5 42. Ne4 Bd4 43. Qd2 Qe5 44. Bd3 Qf5 45. Kh2 Rxe4 46. Bxe4 Qxe4 47. Rb7+
Rxb7 48. Rxb7+ Kg8 49. Qa2 Qe2+ 50. Qxe2 Bxe2 51. d6 Kf8 52. Rb8+ 1-0

[Event "Bundesliga 0102"]
[Site "Deutschland"]
[Date "2002.04.14"]
[Round "13.5"]
[White "Breder, Dennis"]
[Black "Knaak, Rainer"]
[Result "1/2-1/2"]
[WhiteElo "2411"]
[BlackElo "2494"]
[PlyCount "33"]
[EventDate "2001.10.06"]
[EventType "team"]
[EventRounds "15"]
[EventCountry "GER"]
[SourceTitle "Bundesliga 0102"]
[Source "DeepChess"]
[SourceDate "2005.01.01"]
[SourceVersion "1"]
[SourceVersionDate "2005.01.01"]
[SourceQuality "1"]
[WhiteTeam "Godesberger SK 1929"]
[BlackTeam "SAbt SV Werder Bremen"]
[WhiteTeamCountry "GER"]
[BlackTeamCountry "GER"]

1. e4 e6 2. d4 d5 3. Nd2 c5 4. Ngf3 Nf6 5. exd5 exd5 6. Bb5+ Bd7 7. Bxd7+ Nbxd7
8. O-O Be7 9. dxc5 Nxc5 10. Nb3 Nce4 11. Nfd4 Nd6 12. Qf3 O-O 13. Nf5 Nxf5 14.
Qxf5 Qc8 15. Qxc8 Rfxc8 16. c3 b5 17. a3 1/2-1/2

[Event "Bundesliga 0102"]
[Site "Deutschland"]
[Date "2002.04.14"]
[Round "13.6"]
[White "Joachim, Sven"]
[Black "Jackelen, Thomas"]
[Result "1/2-1/2"]
[WhiteElo "2443"]
[BlackElo "2392"]
[PlyCount "46"]
[EventDate "2001.10.06"]
[EventType "team"]
[EventRounds "15"]
[EventCountry "GER"]
[SourceTitle "Bundesliga 0102"]
[Source "DeepChess"]
[SourceDate "2005.01.01"]
[SourceVersion "1"]
[SourceVersionDate "2005.01.01"]
[SourceQuality "1"]
[WhiteTeam "SAbt SV Werder Bremen"]
[BlackTeam "Godesberger SK 1929"]
[WhiteTeamCountry "GER"]
[BlackTeamCountry "GER"]

1. e4 e6 2. d4 d5 3. Nc3 Nf6 4. Bg5 dxe4 5. Nxe4 Be7 6. Bxf6 Bxf6 7. Nf3 Nd7 8.
Qd2 O-O 9. O-O-O Be7 10. Bd3 b6 11. h4 Bb7 12. Rh3 c5 13. Rg3 Kh8 14. Qf4 Nf6
15. Nxf6 Bxf6 16. Be4 Bxe4 17. Qxe4 h6 18. Ne5 Qc7 19. f4 Rad8 20. Rgd3 Rd5 21.
Kb1 c4 22. Re3 Bxe5 23. fxe5 f5 1/2-1/2

[Event "Bundesliga 0102"]
[Site "Deutschland"]
[Date "2002.04.14"]
[Round "13.7"]
[White "Seger, Ruediger"]
[Black "Meins, Gerlef"]
[Result "0-1"]
[WhiteElo "2400"]
[BlackElo "2415"]
[PlyCount "66"]
[EventDate "2001.10.06"]
[EventType "team"]
[EventRounds "15"]
[EventCountry "GER"]
[SourceTitle "Bundesliga 0102"]
[Source "DeepChess"]
[SourceDate "2005.01.01"]
[SourceVersion "1"]
[SourceVersionDate "2005.01.01"]
[SourceQuality "1"]
[WhiteTeam "Godesberger SK 1929"]
[BlackTeam "SAbt SV Werder Bremen"]
[WhiteTeamCountry "GER"]
[BlackTeamCountry "GER"]

1. e4 c5 2. c3 d5 3. exd5 Qxd5 4. d4 Nc6 5. Nf3 Bg4 6. dxc5 Qxc5 7. Be3 Qa5 8.
Qb3 Bxf3 9. gxf3 Qc7 10. Na3 a6 11. Nc4 Nf6 12. Nb6 Rd8 13. Be2 e6 14. f4 Be7
15. Bf3 O-O 16. O-O e5 17. Nc4 e4 18. Bg2 b5 19. Nd2 Nd5 20. Nxe4 Nxf4 21. Rad1
Nxg2 22. Kxg2 Ne5 23. Rxd8 Rxd8 24. f3 Ng6 25. Qc2 Nh4+ 26. Kg1 Qc4 27. a3 Rd3
28. Qf2 Qd5 29. Qe2 f5 30. Bg5 fxe4 31. Bxe7 Nxf3+ 32. Kh1 Rd2 33. Rxf3 exf3
0-1

[Event "Bundesliga 0102"]
[Site "Deutschland"]
[Date "2002.04.14"]
[Round "13.8"]
[White "Heissler, Jakob"]
[Black "Schmidt, Bodo"]
[Result "1/2-1/2"]
[WhiteElo "2437"]
[BlackElo "2360"]
[PlyCount "52"]
[EventDate "2001.10.06"]
[EventType "team"]
[EventRounds "15"]
[EventCountry "GER"]
[SourceTitle "Bundesliga 0102"]
[Source "DeepChess"]
[SourceDate "2005.01.01"]
[SourceVersion "1"]
[SourceVersionDate "2005.01.01"]
[SourceQuality "1"]
[WhiteTeam "SAbt SV Werder Bremen"]
[BlackTeam "Godesberger SK 1929"]
[WhiteTeamCountry "GER"]
[BlackTeamCountry "GER"]

1. e4 e6 2. d3 d5 3. Nd2 Nf6 4. Ngf3 Nc6 5. c3 a5 6. a4 Be7 7. Be2 O-O 8. O-O
b6 9. Re1 Ba6 10. e5 Nd7 11. Bf1 Nc5 12. Nb3 Nxb3 13. Qxb3 Na7 14. Qd1 c5 15.
g3 Nc6 16. h4 h6 17. Nh2 Qe8 18. Bg2 Ra7 19. Ng4 Kh7 20. Bf4 Rh8 21. Qd2 Rd7
22. Qe2 Rd8 23. Bd2 Kg8 24. f4 h5 25. Nf2 g6 26. Nh3 Kg7 1/2-1/2

[Event "Bundesliga 0102"]
[Site "Deutschland"]
[Date "2002.04.14"]
[Round "13.1"]
[White "De Vreugt, Dennis"]
[Black "Ftacnik, Lubomir"]
[Result "1/2-1/2"]
[WhiteElo "2429"]
[BlackElo "2580"]
[PlyCount "80"]
[EventDate "2001.10.06"]
[EventType "team"]
[EventRounds "15"]
[EventCountry "GER"]
[SourceTitle "Bundesliga 0102"]
[Source "DeepChess"]
[SourceDate "2005.01.01"]
[SourceVersion "1"]
[SourceVersionDate "2005.01.01"]
[SourceQuality "1"]
[WhiteTeam "SV Castrop Rauxel 1923"]
[BlackTeam "Hamburger SK 1830 e.V."]
[WhiteTeamCountry "GER"]
[BlackTeamCountry "GER"]

1. e4 c5 2. Nf3 d6 3. d4 cxd4 4. Nxd4 Nf6 5. Nc3 a6 6. Be3 e5 7. Nb3 Be6 8. f3
Nbd7 9. g4 Be7 10. Qd2 O-O 11. O-O-O Qc7 12. g5 Nh5 13. Kb1 b5 14. Nd5 Bxd5 15.
exd5 Nb6 16. Na5 Nxd5 17. Qxd5 Qxa5 18. c4 Rab8 19. Rg1 Qb4 20. cxb5 axb5 21.
Rg4 Nf4 22. Bxf4 exf4 23. a3 Qc5 24. Rxf4 b4 25. axb4 Rxb4 26. Qxc5 dxc5 27.
Rxb4 cxb4 28. h4 Rd8 29. Rxd8+ Bxd8 30. Kc2 g6 31. Kd3 Bc7 32. Ke4 Bg3 33. h5
gxh5 34. f4 Kg7 35. Kf3 Be1 36. Bc4 Bd2 37. b3 h4 38. Kg4 h3 39. Kxh3 Bxf4 40.
Kg4 Bd2 1/2-1/2

[Event "Bundesliga 0102"]
[Site "Deutschland"]
[Date "2002.04.14"]
[Round "13.2"]
[White "Gustafsson, Jan"]
[Black "Appel, Ralf"]
[Result "1/2-1/2"]
[WhiteElo "2535"]
[BlackElo "2512"]
[PlyCount "23"]
[EventDate "2001.10.06"]
[EventType "team"]
[EventRounds "15"]
[EventCountry "GER"]
[SourceTitle "Bundesliga 0102"]
[Source "DeepChess"]
[SourceDate "2005.01.01"]
[SourceVersion "1"]
[SourceVersionDate "2005.01.01"]
[SourceQuality "1"]
[WhiteTeam "Hamburger SK 1830 e.V."]
[BlackTeam "SV Castrop Rauxel 1923"]
[WhiteTeamCountry "GER"]
[BlackTeamCountry "GER"]

1. d4 e6 2. c4 b6 3. a3 d5 4. cxd5 exd5 5. Nc3 Nf6 6. Bg5 Be7 7. e3 O-O 8. Bd3
Nbd7 9. Nge2 Bb7 10. f3 c5 11. O-O Re8 12. Bh4 1/2-1/2

[Event "Bundesliga 0102"]
[Site "Deutschland"]
[Date "2002.04.14"]
[Round "13.3"]
[White "Gallagher, Joseph G"]
[Black "Berg, Emanuel"]
[Result "1-0"]
[WhiteElo "2516"]
[BlackElo "2496"]
[PlyCount "155"]
[EventDate "2001.10.06"]
[EventType "team"]
[EventRounds "15"]
[EventCountry "GER"]
[SourceTitle "Bundesliga 0102"]
[Source "DeepChess"]
[SourceDate "2005.01.01"]
[SourceVersion "1"]
[SourceVersionDate "2005.01.01"]
[SourceQuality "1"]
[WhiteTeam "SV Castrop Rauxel 1923"]
[BlackTeam "Hamburger SK 1830 e.V."]
[WhiteTeamCountry "GER"]
[BlackTeamCountry "GER"]

1. e4 e6 2. d4 d5 3. Nd2 Nf6 4. e5 Nfd7 5. c3 c5 6. Bd3 Nc6 7. Ngf3 Qb6 8. O-O
g6 9. dxc5 Qc7 10. Bb5 Bg7 11. b4 O-O 12. Qb3 Ndxe5 13. Bb2 Rd8 14. Rad1 a6 15.
Be2 Ng4 16. c4 d4 17. Ne4 e5 18. Nd6 Bd7 19. b5 Na5 20. Qb4 axb5 21. cxb5 b6
22. Ba3 Bf8 23. h3 Nf6 24. Nxe5 bxc5 25. Qxc5 Qxc5 26. Bxc5 Be6 27. Rxd4 Nd5
28. Ne4 Bg7 29. f4 Nb7 30. Nc6 Nxc5 31. Nxc5 Bxd4+ 32. Nxd4 Nc3 33. Bf3 Bd5 34.
Nc6 Bxc6 35. bxc6 Rxa2 36. Nb7 Rc8 37. Nd6 Rc7 38. Re1 Ra8 39. Re3 Na4 40. Nb5
Rcc8 41. c7 Ra5 42. Bb7 Rf8 43. Nd6 Nb6 44. Rc3 Ra4 45. Rc6 Rb4 46. Kh2 h5 47.
f5 Kg7 48. f6+ Kh6 49. Ba6 Kg5 50. Nxf7+ Rxf7 51. Rxb6 Rxb6 52. c8=Q Rfxf6 53.
Bd3 Rbc6 54. h4+ Kf4 55. Qb8+ Ke3 56. Qb5 Rcd6 57. Bb1 Kd4 58. Qd3+ Kc5 59.
Qc3+ Kb6 60. Be4 Kb5 61. Kg3 Kb6 62. Bd5 Kb5 63. Qd4 Ka6 64. Qc5 Rb6 65. Bf3
Rbd6 66. Qc7 Kb5 67. Be2+ Kb4 68. Qc4+ Ka3 69. Qc5+ Kb2 70. Bc4 Kb1 71. Qe3 Kb2
72. Qb3+ Kc1 73. Qc3+ Kb1 74. Bd5 Rb6 75. Qd2 Rbd6 76. Be4+ Ka1 77. Qc2 Rf1 78.
Qa4+ 1-0

[Event "Bundesliga 0102"]
[Site "Deutschland"]
[Date "2002.04.14"]
[Round "13.4"]
[White "Hansen, Sune Berg"]
[Black "Watson, William N"]
[Result "1-0"]
[WhiteElo "2536"]
[BlackElo "2520"]
[PlyCount "85"]
[EventDate "2001.10.06"]
[EventType "team"]
[EventRounds "15"]
[EventCountry "GER"]
[SourceTitle "Bundesliga 0102"]
[Source "DeepChess"]
[SourceDate "2005.01.01"]
[SourceVersion "1"]
[SourceVersionDate "2005.01.01"]
[SourceQuality "1"]
[WhiteTeam "Hamburger SK 1830 e.V."]
[BlackTeam "SV Castrop Rauxel 1923"]
[WhiteTeamCountry "GER"]
[BlackTeamCountry "GER"]

1. e4 d6 2. d4 g6 3. Bc4 Bg7 4. Nf3 Nf6 5. Qe2 c6 6. e5 Nd5 7. h3 O-O 8. O-O
Bf5 9. Bb3 dxe5 10. dxe5 Nd7 11. Re1 Nc5 12. Nd4 Bc8 13. Nd2 a5 14. N2f3 a4 15.
Bc4 Nb6 16. Be3 Nxc4 17. Qxc4 Ne6 18. Ne2 Qa5 19. Nc3 Rd8 20. a3 b5 21. Qxc6
Rb8 22. Ng5 Bxe5 23. Nd5 Bd6 24. Nxe6 Bxe6 25. Nf4 Rbc8 26. Qf3 Bxf4 27. Bxf4
b4 28. axb4 Qxb4 29. Be5 Rxc2 30. Bc3 Qb5 31. Re5 Qb6 32. Rxa4 Rc1+ 33. Kh2 Qc7
34. Qf4 Rcd1 35. Ba5 Qc2 36. Bxd8 Rxd8 37. Rd4 Rc8 38. Rd2 Qb1 39. Re3 Qc1 40.
Red3 Qe1 41. Qe3 Rc1 42. Qh6 Qg1+ 43. Kg3 1-0

[Event "Bundesliga 0102"]
[Site "Deutschland"]
[Date "2002.04.14"]
[Round "13.5"]
[White "Hoffmann, Michael"]
[Black "Wahls, Matthias"]
[Result "1/2-1/2"]
[WhiteElo "2448"]
[BlackElo "2580"]
[PlyCount "120"]
[EventDate "2001.10.06"]
[EventType "team"]
[EventRounds "15"]
[EventCountry "GER"]
[SourceTitle "Bundesliga 0102"]
[Source "DeepChess"]
[SourceDate "2005.01.01"]
[SourceVersion "1"]
[SourceVersionDate "2005.01.01"]
[SourceQuality "1"]
[WhiteTeam "SV Castrop Rauxel 1923"]
[BlackTeam "Hamburger SK 1830 e.V."]
[WhiteTeamCountry "GER"]
[BlackTeamCountry "GER"]

1. Nf3 c5 2. c4 Nf6 3. Nc3 e6 4. g3 b6 5. Bg2 Bb7 6. O-O d6 7. d4 cxd4 8. Qxd4
a6 9. Be3 Nbd7 10. Nd2 Bxg2 11. Kxg2 Be7 12. Rfd1 Qc7 13. Nde4 Nxe4 14. Nxe4
O-O 15. Bg5 Bxg5 16. Nxg5 Nf6 17. Ne4 Qc6 18. f3 Nxe4 19. Qxe4 Qxe4 20. fxe4
Rfd8 21. a4 a5 22. Ra3 Rac8 23. Rb3 Rxc4 24. Rxb6 g6 25. Kf3 Rxa4 26. Rdxd6
Rxd6 27. Rxd6 Rb4 28. Ra6 Rb5 29. h4 Kg7 30. e3 Kf6 31. Ra7 h6 32. Kf4 Rxb2 33.
e5+ Kg7 34. Rxa5 Rf2+ 35. Ke4 g5 36. hxg5 hxg5 37. g4 Rh2 38. Kf3 Rh3+ 39. Kf2
Rh2+ 40. Kf3 Rd2 41. Ke4 Rd1 42. Rb5 Rh1 43. Kf3 Rh3+ 44. Kf2 Rh1 45. Kf3 Kg6
46. Rb8 Rh3+ 47. Kf2 Kg7 48. Rb5 Rh8 49. Kf3 Kg6 50. Ra5 Rb8 51. Rc5 Rb1 52.
Ra5 Rf1+ 53. Ke2 Rh1 54. Kf3 Rh3+ 55. Kf2 Rh8 56. Kf3 Rd8 57. Ke4 Rb8 58. Rc5
Ra8 59. Rb5 Rh8 60. Kf3 Kg7 1/2-1/2

[Event "Bundesliga 0102"]
[Site "Deutschland"]
[Date "2002.04.14"]
[Round "13.6"]
[White "Mueller, Karsten"]
[Black "Dinstuhl, Volkmar"]
[Result "1-0"]
[WhiteElo "2503"]
[BlackElo "2402"]
[PlyCount "63"]
[EventDate "2001.10.06"]
[EventType "team"]
[EventRounds "15"]
[EventCountry "GER"]
[SourceTitle "Bundesliga 0102"]
[Source "DeepChess"]
[SourceDate "2005.01.01"]
[SourceVersion "1"]
[SourceVersionDate "2005.01.01"]
[SourceQuality "1"]
[WhiteTeam "Hamburger SK 1830 e.V."]
[BlackTeam "SV Castrop Rauxel 1923"]
[WhiteTeamCountry "GER"]
[BlackTeamCountry "GER"]

1. e4 c5 2. Nf3 d6 3. d4 cxd4 4. Nxd4 Nf6 5. Nc3 a6 6. Bc4 e6 7. Bb3 Nbd7 8.
Bg5 h6 9. Bh4 Qa5 10. O-O Qh5 11. Nf3 Be7 12. Re1 O-O 13. Bg3 Qc5 14. e5 dxe5
15. Nxe5 Nxe5 16. Bxe5 Qc6 17. Ne2 b5 18. Nd4 Qb6 19. c3 Rd8 20. Bc2 Bb7 21.
Qd3 Kf8 22. Re3 Rac8 23. Rae1 b4 24. Rg3 Bd6 25. Bxf6 gxf6 26. Nxe6+ fxe6 27.
Rg8+ Kxg8 28. Qg6+ Kf8 29. Qxf6+ Kg8 30. Qxe6+ Kg7 31. Qg6+ Kf8 32. Qxh6+ 1-0

[Event "Bundesliga 0102"]
[Site "Deutschland"]
[Date "2002.04.14"]
[Round "13.7"]
[White "Hennig, Dirk"]
[Black "Heinemann, Thies"]
[Result "1-0"]
[WhiteElo "2428"]
[BlackElo "2465"]
[PlyCount "151"]
[EventDate "2001.10.06"]
[EventType "team"]
[EventRounds "15"]
[EventCountry "GER"]
[SourceTitle "Bundesliga 0102"]
[Source "DeepChess"]
[SourceDate "2005.01.01"]
[SourceVersion "1"]
[SourceVersionDate "2005.01.01"]
[SourceQuality "1"]
[WhiteTeam "SV Castrop Rauxel 1923"]
[BlackTeam "Hamburger SK 1830 e.V."]
[WhiteTeamCountry "GER"]
[BlackTeamCountry "GER"]

1. d4 Nf6 2. Bg5 e6 3. e3 h6 4. Bh4 Be7 5. Bd3 d5 6. Nf3 c5 7. O-O Nc6 8. c3
Ne4 9. Bxe7 Qxe7 10. Bxe4 dxe4 11. Nfd2 f5 12. Qh5+ Qf7 13. Qxf7+ Kxf7 14. dxc5
Ne5 15. Na3 Nd3 16. b4 a5 17. Nc2 Bd7 18. a3 Ba4 19. Nd4 Kf6 20. Rfb1 e5 21.
N4b3 Bb5 22. a4 Bd7 23. Nxa5 Nxc5 24. bxc5 Rxa5 25. Rxb7 Rxa4 26. Rxa4 Bxa4 27.
Rb6+ Ke7 28. Nc4 Rd8 29. Nd6 Bd7 30. h4 Ra8 31. Nc4 Ra1+ 32. Kh2 Rc1 33. Nxe5
Be8 34. c4 Rc2 35. Kg3 Ra2 36. Ng6+ Bxg6 37. Rxg6 Kf7 38. Rd6 Ra4 39. Rd4 g5
40. h5 Ke6 41. Rd6+ Ke5 42. Rxh6 Rxc4 43. Rg6 Rxc5 44. Rxg5 Rc1 45. Kh2 Kf6 46.
Rg3 Rc2 47. Rg6+ Kf7 48. Kg3 Ra2 49. Rb6 Kg7 50. Rb5 Kf6 51. h6 Kg6 52. h7 f4+
53. exf4 Kxh7 54. Rg5 Ra3+ 55. Kg4 Ra2 56. Kf5 Re2 57. g4 Kh6 58. Ke5 Kh7 59.
Kd4 Kh6 60. Re5 Rxf2 61. Kxe4 Kg6 62. Re6+ Kf7 63. Rb6 Ra2 64. f5 Ra4+ 65. Kf3
Kg7 66. Kg3 Ra7 67. Kh4 Rf7 68. Kg5 Ra7 69. Rg6+ Kf7 70. Rh6 Ra4 71. Rh7+ Kg8
72. Rb7 Rc4 73. f6 Kh8 74. Kf5 Rc8 75. g5 Rg8 76. g6 1-0

[Event "Bundesliga 0102"]
[Site "Deutschland"]
[Date "2002.04.14"]
[Round "13.8"]
[White "Sebastian, Dirk"]
[Black "Brendel, Oliver"]
[Result "1-0"]
[WhiteElo "2361"]
[BlackElo "2376"]
[PlyCount "101"]
[EventDate "2001.10.06"]
[EventType "team"]
[EventRounds "15"]
[EventCountry "GER"]
[SourceTitle "Bundesliga 0102"]
[Source "DeepChess"]
[SourceDate "2005.01.01"]
[SourceVersion "1"]
[SourceVersionDate "2005.01.01"]
[SourceQuality "1"]
[WhiteTeam "Hamburger SK 1830 e.V."]
[BlackTeam "SV Castrop Rauxel 1923"]
[WhiteTeamCountry "GER"]
[BlackTeamCountry "GER"]

1. e4 c5 2. Nf3 Nc6 3. d4 cxd4 4. Nxd4 g6 5. Nc3 Bg7 6. Be3 Nf6 7. Bc4 O-O 8.
Bb3 d6 9. h3 Bd7 10. O-O Nxd4 11. Bxd4 Bc6 12. Qd3 Nd7 13. Bxg7 Kxg7 14. Rad1
Qa5 15. Rfe1 Rfe8 16. Qg3 b5 17. Qh4 b4 18. Nd5 Bxd5 19. Bxd5 Rac8 20. Bxf7
Kxf7 21. Qxh7+ Kf6 22. Re3 Rf8 23. Rd5 Rc5 24. Rf3+ Ke6 25. Qxg6+ Nf6 26. Qf5+
Kf7 27. Rxc5 Qxc5 28. Qxc5 dxc5 29. e5 Rd8 30. exf6 Rd1+ 31. Kh2 exf6 32. Rf5
c4 33. Rf4 Rb1 34. b3 c3 35. Rxb4 Rb2 36. Rb7+ Kg6 37. Rxa7 Rxc2 38. Rc7 Rxa2
39. Rxc3 Rxf2 40. Kg3 Rb2 41. Kf3 Rb1 42. Ke3 Rb2 43. g3 Kf5 44. Kd4 Rd2+ 45.
Rd3 Rc2 46. b4 Ke6 47. Rb3 Kd6 48. b5 Rd2+ 49. Ke4 Kc7 50. b6+ Kb7 51. Kf5 1-0

[Event "Bundesliga 0102"]
[Site "Deutschland"]
[Date "2002.04.14"]
[Round "13.1"]
[White "Aronian, Levon"]
[Black "Speelman, Jonathan S"]
[Result "1-0"]
[WhiteElo "2562"]
[BlackElo "2603"]
[PlyCount "93"]
[EventDate "2001.10.06"]
[EventType "team"]
[EventRounds "15"]
[EventCountry "GER"]
[SourceTitle "Bundesliga 0102"]
[Source "DeepChess"]
[SourceDate "2005.01.01"]
[SourceVersion "1"]
[SourceVersionDate "2005.01.01"]
[SourceQuality "1"]
[WhiteTeam "SV Wattenscheid 1930"]
[BlackTeam "Luebecker SV von 1873 "]
[WhiteTeamCountry "GER"]
[BlackTeamCountry "GER"]

1. e4 c6 2. d3 g6 3. g3 Bg7 4. Bg2 d6 5. Nf3 Nf6 6. O-O O-O 7. Re1 e5 8. h3 Re8
9. c4 Nbd7 10. Nc3 a6 11. Rb1 b5 12. b4 Bf8 13. Bg5 h6 14. Be3 Kh7 15. a4 bxc4
16. dxc4 a5 17. b5 c5 18. Nd5 Nxd5 19. cxd5 Nb6 20. Nd2 h5 21. f4 Bh6 22. Nf3
exf4 23. gxf4 Rxe4 24. Ng5+ Bxg5 25. Bxe4 Bh6 26. Qe2 Qh4 27. Qf3 Nc4 28. Bd3
Nxe3 29. Rxe3 c4 30. Bxc4 Bf5 31. Rf1 Bg7 32. Qg3 Qd8 33. Bd3 Bd4 34. Bxf5 Qb6
35. Rfe1 Re8 36. Be6 fxe6 37. Kh2 e5 38. f5 Rg8 39. Rf3 Qc7 40. Qh4 Qc2+ 41.
Kh1 Kh6 42. f6 Rf8 43. f7 Qxa4 44. Qe7 Kg7 45. Qf6+ Kh7 46. Qxd6 Kg7 47. Rc1
1-0

[Event "Bundesliga 0102"]
[Site "Deutschland"]
[Date "2002.04.14"]
[Round "13.2"]
[White "Epishin, Vladimir"]
[Black "Nielsen, Peter Heine"]
[Result "1/2-1/2"]
[WhiteElo "2583"]
[BlackElo "2593"]
[PlyCount "94"]
[EventDate "2001.10.06"]
[EventType "team"]
[EventRounds "15"]
[EventCountry "GER"]
[SourceTitle "Bundesliga 0102"]
[Source "DeepChess"]
[SourceDate "2005.01.01"]
[SourceVersion "1"]
[SourceVersionDate "2005.01.01"]
[SourceQuality "1"]
[WhiteTeam "Luebecker SV von 1873 "]
[BlackTeam "SV Wattenscheid 1930"]
[WhiteTeamCountry "GER"]
[BlackTeamCountry "GER"]

1. d4 Nf6 2. c4 e6 3. Nf3 d5 4. Nc3 dxc4 5. e3 a6 6. a4 c5 7. Bxc4 Nc6 8. O-O
Be7 9. dxc5 Qxd1 10. Rxd1 Bxc5 11. Bd2 Ke7 12. e4 Ng4 13. Be1 Bd7 14. Be2 Rhc8
15. Kf1 Ke8 16. Nd2 Nge5 17. Nb3 Be7 18. f4 Ng6 19. g3 Bb4 20. e5 Na5 21. Nd2
Bc6 22. Nde4 Nb3 23. Rab1 Ne7 24. Bf3 Rd8 25. Rxd8+ Rxd8 26. Rd1 Nf5 27. Rxd8+
Kxd8 28. g4 Ne3+ 29. Kf2 Nc4 30. Bd1 Nxb2 31. Bxb3 Nd3+ 32. Ke3 Nxe1 33. f5 Ke7
34. f6+ Kf8 35. g5 Ng2+ 36. Kd4 Nh4 37. Bd1 Ba5 38. Nd6 Ng6 39. Nc4 Bd8 40. Bc2
Nh4 41. Be4 Nf3+ 42. Bxf3 Bxf3 43. a5 h6 44. h4 Kg8 45. Ne4 Bc7 46. Ned6 Bd5
47. Nb6 gxf6 1/2-1/2

[Event "Bundesliga 0102"]
[Site "Deutschland"]
[Date "2002.04.14"]
[Round "13.3"]
[White "Hall, Jesper"]
[Black "Hodgson, Julian M"]
[Result "0-1"]
[WhiteElo "2501"]
[BlackElo "2581"]
[PlyCount "79"]
[EventDate "2001.10.06"]
[EventType "team"]
[EventRounds "15"]
[EventCountry "GER"]
[SourceTitle "Bundesliga 0102"]
[Source "DeepChess"]
[SourceDate "2005.01.01"]
[SourceVersion "1"]
[SourceVersionDate "2005.01.01"]
[SourceQuality "1"]
[WhiteTeam "SV Wattenscheid 1930"]
[BlackTeam "Luebecker SV von 1873 "]
[WhiteTeamCountry "GER"]
[BlackTeamCountry "GER"]

1. e4 g6 2. d4 Bg7 3. Nc3 c6 4. Be3 d5 5. e5 Nh6 6. f4 Qb6 7. Rb1 f6 8. h3 fxe5
9. fxe5 Nf5 10. Bf2 Bh6 11. Qd3 Na6 12. Nf3 Nb4 13. Qd1 Qa5 14. a3 Na2 15. Qd3
Nc1 16. Qd1 Na2 17. Qd3 O-O 18. g4 Ne3 19. Nd2 Nxc3 20. bxc3 Nxf1 21. Nxf1 b6
22. Be3 Ba6 23. Qd2 Rxf1+ 24. Rxf1 Bxe3 25. Qxe3 Bxf1 26. Kxf1 Qxa3 27. Kg2 Qa2
28. Rc1 Rf8 29. h4 Qa6 30. h5 Qc8 31. e6 Rf6 32. Re1 Qb8 33. Rf1 Rxf1 34. Kxf1
Qf8+ 35. Kg2 Qf6 36. h6 g5 37. c4 Qf4 38. Qxf4 gxf4 39. cxd5 cxd5 40. c4 0-1

[Event "Bundesliga 0102"]
[Site "Deutschland"]
[Date "2002.04.14"]
[Round "13.5"]
[White "Handke, Florian"]
[Black "Hansen, Lars Bo"]
[Result "1/2-1/2"]
[WhiteElo "2384"]
[BlackElo "2586"]
[PlyCount "113"]
[EventDate "2001.10.06"]
[EventType "team"]
[EventRounds "15"]
[EventCountry "GER"]
[SourceTitle "Bundesliga 0102"]
[Source "DeepChess"]
[SourceDate "2005.01.01"]
[SourceVersion "1"]
[SourceVersionDate "2005.01.01"]
[SourceQuality "1"]
[WhiteTeam "SV Wattenscheid 1930"]
[BlackTeam "Luebecker SV von 1873 "]
[WhiteTeamCountry "GER"]
[BlackTeamCountry "GER"]

1. e4 e5 2. Nf3 Nc6 3. Bb5 a6 4. Ba4 Nf6 5. O-O Be7 6. Re1 b5 7. Bb3 d6 8. c3
O-O 9. h3 a5 10. d3 a4 11. Bc2 Be6 12. Nbd2 Re8 13. d4 Bd7 14. Nf1 Bf8 15. Bg5
h6 16. Bh4 Be7 17. Ne3 Nh7 18. Bg3 Ng5 19. dxe5 Nxf3+ 20. Qxf3 Nxe5 21. Bxe5
dxe5 22. Rad1 Bd6 23. a3 Re6 24. Bb1 Rf6 25. Qe2 Rg6 26. Nf5 Rb8 27. Ba2 Rb6
28. Qh5 Qg5 29. Qxg5 Rxg5 30. h4 Rg4 31. Ne7+ Kf8 32. Nd5 Rb7 33. Nxc7 Rxc7 34.
Rxd6 Rxh4 35. f3 Rf4 36. Red1 Ke7 37. R6d5 Be6 38. Rxe5 Kf6 39. Bxe6 Kxe5 40.
Bg4 Rxg4 41. Rd5+ Kf4 42. fxg4 Rb7 43. Kf2 Kxg4 44. Rd4 Rc7 45. e5+ Kf5 46. Rd5
Rb7 47. Kf3 h5 48. e6+ Kxe6 49. Rxh5 f5 50. Kf4 g6 51. Rh8 Rd7 52. Rb8 Rd2 53.
Rb6+ Kf7 54. Rxb5 Rxg2 55. Rb4 Kf6 56. Rb6+ Kf7 57. b4 1/2-1/2

[Event "Bundesliga 0102"]
[Site "Deutschland"]
[Date "2002.04.14"]
[Round "13.6"]
[White "Conquest, Stuart"]
[Black "Straeter, Timo"]
[Result "1-0"]
[WhiteElo "2565"]
[BlackElo "2310"]
[PlyCount "105"]
[EventDate "2001.10.06"]
[EventType "team"]
[EventRounds "15"]
[EventCountry "GER"]
[SourceTitle "Bundesliga 0102"]
[Source "DeepChess"]
[SourceDate "2005.01.01"]
[SourceVersion "1"]
[SourceVersionDate "2005.01.01"]
[SourceQuality "1"]
[WhiteTeam "Luebecker SV von 1873 "]
[BlackTeam "SV Wattenscheid 1930"]
[WhiteTeamCountry "GER"]
[BlackTeamCountry "GER"]

1. d4 d5 2. c4 e6 3. Nc3 Nf6 4. cxd5 exd5 5. Bg5 c6 6. e3 Be7 7. Qc2 O-O 8. Bd3
Nbd7 9. Nge2 Re8 10. O-O Nf8 11. f3 Ng6 12. Kh1 Qa5 13. Rae1 Ng4 14. Bf4 Nf6
15. Bg3 Bf8 16. Bf2 Bd7 17. a3 Rac8 18. Qb1 Bd6 19. Bg1 c5 20. dxc5 Qxc5 21.
Rd1 Qa5 22. Bc2 Bf8 23. Bb3 Bc6 24. Qa2 Rcd8 25. Rd2 Ne5 26. Nd4 Nc4 27. Bxc4
dxc4 28. Qxc4 Qh5 29. Rfd1 Bd7 30. e4 Rc8 31. Qb3 b6 32. Nde2 Be6 33. Qa4 Qg5
34. Nd4 Nh5 35. Nce2 Bc4 36. b3 Bxe2 37. Nxe2 b5 38. Qxa7 Ra8 39. Qd7 Bxa3 40.
Rd5 Qg6 41. Qxb5 Nf6 42. R5d3 Bf8 43. Nf4 Qh6 44. Be3 Qh4 45. g3 Qh6 46. Nd5
Qh3 47. Nf4 Qh6 48. Qf5 Ra2 49. R1d2 Rxd2 50. Bxd2 Ra8 51. e5 Ra1+ 52. Kg2 Ne8
53. Rd7 1-0